000 00535nam a22001577a 4500
003 OSt
005 20151212160758.0
008 151212b xxu||||| |||| 00| 0 eng d
040 _cRUA
082 _aATM.s HEN 2004 B213 Or.1
100 _94780
_aHENG, VISAL.
245 _aRubber planting technice at peam cheang rubber plantation, បច្ចេកដាំដុះកៅស៊ូនៅចំការកៅស៊ូពាមជាំង
260 _aPhnom Penh
_bRUA
_c2004
300 _avii; 44p.
_bill.
_c29cm.
942 _2ddc
_cATMSP
999 _c4455
_d4455